LEADER 00961nam0 2200301 450 001 000017109 005 20081010090319.0 010 $a0387946772 100 $a20081007d1997----km-y0itay50------ba 101 0 $aeng 102 $aUS 105 $ay-------001yy 200 1 $aChaos$ean introduction to dynamical systems$fKathleen T. Alligood, Tim D. Sauer, James A. Yorke 210 $aNew York$cSpringer$dc1997 215 $aXVII, 603 p., [8] p. di tav.$cill.$d24 cm 225 2 $aTextbooks in mathematical sciences 410 0$12001$aTextbooks in mathematical sciences 610 1 $aSistemi dinamici 610 1 $aCaos 676 $a003.85$v20$9Sistemi dinamici. 700 1$aAlligood,$bKathleen T.$022070 701 1$aYorke,$bJames A.$022153 701 1$aSauer,$bTim D.$0613816 801 0$aIT$bUNIPARTHENOPE$c20081007$gRICA$2UNIMARC 912 $a000017109 951 $aM 003/21$bM 1341$cDSA$d2008 996 $aChaos$91201752 997 $aUNIPARTHENOPE LEADER 03158nam 2200493z- 450 001 9910140423703321 005 20260329165616.0 035 $a(CKB)2670000000560505 035 $a(oapen)https://directory.doabooks.org/handle/20.500.12854/81354 035 $a(EXLCZ)992670000000560505 100 $a20202205d2013 |y 0 101 0 $afre 135 $aurmn|---annan 181 $ctxt$2rdacontent 182 $cc$2rdamedia 183 $acr$2rdacarrier 200 10$a2e Atelier nitrate-eau$eEvaluation du Programme de gestion durable de l'azote. 28 mai-1er juin 2012, Peyresq, France 210 $aGembloux$cUliège Library$d2013 215 $a1 electronic resource (246 p.) 311 08$a2-87016-124-7 330 $aAs part of this evaluation mission, GRENeRA organized the first Nitrate-Water Workshop in 2009. The proceedings of this workshop were published in a special issue of the journal BASE. GRENeRA organized, from May 27 to June 1, 2012, the second Workshop which gathered about fifteen scientists from Wallonia (Université Catholique de Louvain, Centre wallon de Recherches Agronomiques, Services Agricoles de la Province de Liège, Université de Liège and ULg - Gembloux Agro-Bio Tech) and France (INRA, Agrocampus Rennes). The workshop was devoted successively to the study of the following four themes - water (evolution of water quality and eutrophication, agronomic experiments on a point, plot or watershed scale with impact measurements on water) - grassland (grazing management, fertilization) and livestock (balance of feed rations and nitrogen production by animal category) - crops (including crop succession and intercropping) and fertilizers (organic and mineral nitrogen management), - recommendations for the revision of the PGDA, scientific research, supervision and communication. Compared to 2009, the recommendations have been enriched with thoughts on eutrophication and have taken into account the potential impact on the environmental issues of "plant protection products" and "greenhouse gases" in order to avoid losing with one hand what we have been able to gain with the other. The following articles illustrate the work of the scientists presented and discussed during this 2nd Nitrate-Water Workshop. 606 $aIrrigation$2bicssc 606 $aSustainable agriculture$2bicssc 606 $aFertilizers & manures$2bicssc 606 $aSoil science, sedimentology$2bicssc 606 $aHydrology & the hydrosphere$2bicssc 610 $aWallonia 615 7$aIrrigation 615 7$aSustainable agriculture 615 7$aFertilizers & manures 615 7$aSoil science, sedimentology 615 7$aHydrology & the hydrosphere 700 $aVandenberghe$b Christophe$4edt$0802623 702 $aDestain$b Jean-Pierre$4edt 702 $aMarcoen$b Jean Marie$4edt 702 $aColinet$b Gilles$4edt 702 $aVandenberghe$b Christophe$4oth 702 $aDestain$b Jean-Pierre$4oth 702 $aMarcoen$b Jean Marie$4oth 702 $aColinet$b Gilles$4oth 906 $aBOOK 912 $a9910140423703321 996 $a2e Atelier nitrate-eau$93024310 997 $aUNINA